| 000 | 00477nam a2200181Ia 4500 | ||
|---|---|---|---|
| 008 | 230917s9999||||xx |||||||||||||| ||und|| | ||
| 020 | _cGBP 44.99 (RS 4647.02) | ||
| 040 |
_e5003954 _aMAIN |
||
| 041 | _aEnglish | ||
| 082 | _a362.29 M859D(7) | ||
| 100 | _aMottram, David R, ed. | ||
| 245 | 0 | _aDrugs in sport | |
| 250 | _a7th ed. | ||
| 260 |
_aOxon _bRoutledge _c2018 |
||
| 300 | _axx, 408 p. | ||
| 500 | _a4143 21/10/2021 APD21/1128863 21/10/2021 Main Budget | ||
| 942 | _cBK | ||
| 999 |
_c3038 _d3038 |
||